000 00395nam a2200145Ia 4500
008 240729s9999 xx 000 0 und d
245 0 _aJournal of Chitwan Medical College
260 _aNepal
260 _bChitwan Medical College
650 _a Medicine (General)
650 _aMedicine
856 _uhttps://doaj.org/toc/d80adc763eba41f2b1737f08f6f17b7a
942 _2ddc
942 _cDOAJEJ
999 _c73124
_d73124
945 _a1
_bMadushi Gamage
_c1
_dMadushi Gamage